000 00394pab a2200169 454500
008 180718b2008 xxu||||| |||| 00| 0 eng d
100 _aHooja, Rakesh
245 _aOn training of public servants for PPP projects
260 _c2008
300 _ap.94-98.
362 _aJan-Jun
650 _aTraining
650 _aCivil service
773 _aPrashasnika
908 _aN
909 _a86944
999 _c86944
_d86944